Claves ocultas del poder mundial : (Record no. 110394)

MARC details
000 -LEADER
campo de control de longitud fija 01334nam a2200385Ia 4500
001 - NÚMERO DE CONTROL
campo de control 48108
005 - FECHA Y HORA DE LA ÚLTIMA TRANSACCIÓN
campo de control 20230411085958.0
008 - DATOS DE LONGITUD FIJA--INFORMACIÓN GENERAL
campo de control de longitud fija 061107s2006 sp achj b 000 0 spa d
035 ## - NÚMERO DE CONTROL DEL SISTEMA
Número de control de sistema (OCoLC)ocm75303940
040 ## - FUENTE DE CATALOGACIÓN
Centro catalogador/agencia de origen CGU
Centro/agencia transcriptor CGU
Centro/agencia modificador BAKER
-- YDXCP
020 ## - NÚMERO INTERNACIONAL ESTÁNDAR DEL LIBRO
Número Internacional Estándar del Libro 8441417261
020 ## - NÚMERO INTERNACIONAL ESTÁNDAR DEL LIBRO
Número Internacional Estándar del Libro 9788441417267
035 ## - NÚMERO DE CONTROL DEL SISTEMA
Número de control de sistema (OCoLC)75303940
090 ## - LOCALMENTE ASIGNADO TIPO-LC NÚMERO DE CLASIFICACIÓN (OCLC); NÚMERO DE CLASIFICACIÓN LOCAL (RLIN)
Número de clasificación (OCLC) (R) ; Numero de clasificación, CALL (RLIN) (NR) L642. C 2006
049 ## - FONDOS LOCALES (OCLC)
Biblioteca depositaria GRAL
100 1# - ENTRADA PRINCIPAL--NOMBRE DE PERSONA
Nombre de persona Lesta, José.
245 10 - MENCIÓN DEL TÍTULO
Título Claves ocultas del poder mundial :
Resto del título cómo el esoterismo y lo sobrenatural influyen en la historia /
Mención de responsabilidad, etc. José Lesta y Miguel Pedrero.
260 ## - PUBLICACIÓN, DISTRIBUCIÓN, ETC.
Lugar de publicación, distribución, etc. Madrid :
Nombre del editor, distribuidor, etc. Edaf,
Fecha de publicación, distribución, etc. 2006.
300 ## - DESCRIPCIÓN FÍSICA
Extensión 369 p. :
Otras características físicas ill., facsims., geneal. tables, ports. ;
Dimensiones 25 cm.
440 #0 - MENCIÓN DE SERIE/PUNTO DE ACCESO ADICIONAL--TÍTULO
Título Mundo mágico y heterodoxo ;
Designación de volumen o secuencia 39
504 ## - NOTA DE BIBLIOGRAFÍA, ETC.
Nota de bibliografía, etc. Includes bibliographical references (p. 353-369).
650 #0 - PUNTO DE ACCESO ADICIONAL DE MATERIA--TÉRMINO DE MATERIA
Término de materia o nombre geográfico como elemento de entrada Secret societies
Subdivisión cronológica 21st century.
650 #0 - PUNTO DE ACCESO ADICIONAL DE MATERIA--TÉRMINO DE MATERIA
Término de materia o nombre geográfico como elemento de entrada Secret societies
Subdivisión cronológica 20th century.
650 #0 - PUNTO DE ACCESO ADICIONAL DE MATERIA--TÉRMINO DE MATERIA
Término de materia o nombre geográfico como elemento de entrada Secret societies
Subdivisión general Political aspects.
650 #0 - PUNTO DE ACCESO ADICIONAL DE MATERIA--TÉRMINO DE MATERIA
Término de materia o nombre geográfico como elemento de entrada Occultism
Subdivisión general Political aspects.
650 #0 - PUNTO DE ACCESO ADICIONAL DE MATERIA--TÉRMINO DE MATERIA
Término de materia o nombre geográfico como elemento de entrada World politics
Subdivisión cronológica 21st century.
650 #0 - PUNTO DE ACCESO ADICIONAL DE MATERIA--TÉRMINO DE MATERIA
Término de materia o nombre geográfico como elemento de entrada World politics
Subdivisión cronológica 20th century.
700 1# - ENTRADA AGREGADA--NOMBRE PERSONAL
Nombre de persona Pedrero, Miguel.
936 ## - OCLC/CONSER DATOS MISCELÁNEOS (OCLC); PIEZA UTILIZADA PARA CATALOGACIÓN (pre-RCAA2) (RLIN)
Numero(s) de control OCLC de registros paralelo(s) (OCLC); Pieza utilizada para catalogación, PUC (RLIN) PR 68085928
938 ## -
-- Baker & Taylor
-- BKTY
-- 26.99
-- 24.29
-- 8441417261
-- 0007117203
-- active
938 ## -
-- YBP Library Services
-- YANK
-- 2657346
942 ## - ELEMENTOS DE ENTRADA SECUNDARIOS (KOHA)
Fuente del sistema de clasificación o colocación Clasificación de Library of Congress
Tipo de ítem Koha
946 ## - PROCESAMIENTO DE INFORMACIÓN LOCAL (OCLC)
a joacosta
994 ## -
-- C0
-- DRFGD
Holdings
Estatus retirado Estado de pérdida Fuente del sistema de clasificación o colocación Estado de daño No para préstamo Colección Biblioteca de origen Biblioteca actual Ubicación en estantería Fecha de adquisición Código de barras Visto por última vez Copia número Tipo de ítem Koha
    Clasificación de Library of Congress     Automatización y Procesos Técnicos Biblioteca Juan Bosch Biblioteca Juan Bosch Automatización y Procesos Técnicos (1er. Piso) 11/04/2023 00000048822 17/02/2019 1